| 000 | 00946nam a22002297a 4500 | ||
|---|---|---|---|
| 005 | 20240530110436.0 | ||
| 008 | 150401s2011 ua g 000 e ara d | ||
| 017 |
_a2011/17058 _bمصر . دار الكتب المصرية |
||
| 020 | _a9789770930717 | ||
| 040 | _aEG-CaGPL | ||
| 082 | 0 | 4 |
_221 _a303.4 _bق/م ع |
| 100 | 0 | _aمحمد المهدى | |
| 245 | 1 | 0 |
_aعبقرية الثورة المصرية : _bتحلييل نفس و اجتماعى لاحوال المصريين قبل و بعد 25 يناير / _cمحمد المهدى |
| 250 | _aط1 | ||
| 260 |
_aالقاهرة : _bدار الشروق ، _c2011. |
||
| 300 |
_a474 ص ؛ _c24 سم. |
||
| 650 | 0 | 4 |
_aثورة 25 يناير _xمقالات |
| 651 | 0 | 4 |
_aمصر _xالاحوال السياسية _yقبل ثورة 25 يناير |
| 651 | 0 | 4 |
_aمصر _xالاحوال السياسية _yبعد ثورة 25 يناير |
| 942 |
_2ddc _cBK |
||
| 999 |
_c60948 _d60948 |
||